| 000 | 00478nam a22001337a 4500 | ||
|---|---|---|---|
| 999 |
_c16638 _d16638 |
||
| 003 | AR-CdUCM | ||
| 008 | 190504b ||||| |||| 00| 0 spa d | ||
| 040 |
_aMUNICIPALIDAD PROVINCIAL DEL CUSCO _cBIBLIOTECA MUNICIPAL DEL CUSCO |
||
| 082 |
_a239.07 / _bE24 |
||
| 245 | _aNovisimo catecismo de la doctrina cristiana / | ||
| 505 | _aAspectos fundamentales de la Fé y la moral -- El credo y lo que creemos -- El padre nuestro y la oración... | ||
| 942 |
_2ddc _cLIBROS |
||
| 945 | _awfj | ||